000 00662 a2200217 4500
001 118049
020 _a9781427110350
041 _aeng
082 _a612
100 _aKalman, Bobbie
500 _aIB Program. Uso restrito aos professores.
520 _aIntroduces senses and sensation through simple text and photographs that describe children using their five senses.
697 _aSenses & sensation
856 _u00002e/00002e6e.jpg
040 _aBR-BrIDEA
_cBR-BrIDEA
090 _aIB Nursery 612
_bKAL
245 1 0 _aMy senses help me
_cBobbie Kalman
260 _aNew York
_bCrabtree Pub. Co.
_c2010
300 _a16 p.
_bcol. ill.
942 _cBK
999 _c118049
_d118049